<?xml version="1.0" encoding="UTF-8"?>
<record
    xmlns:xsi="http://www.w3.org/2001/XMLSchema-instance"
    xsi:schemaLocation="http://www.loc.gov/MARC21/slim http://www.loc.gov/standards/marcxml/schema/MARC21slim.xsd"
    xmlns="http://www.loc.gov/MARC21/slim">

  <leader>01076nam0a2200265   4500</leader>
  <controlfield tag="001">RU\NLR\bibl\191976</controlfield>
  <controlfield tag="005">20260407025458.0</controlfield>
  <datafield tag="035" ind1=" " ind2=" ">
    <subfield code="a">(NLR Aleph) 000188484</subfield>
  </datafield>
  <datafield tag="090" ind1=" " ind2=" ">
    <subfield code="a">1089507</subfield>
    <subfield code="c">1089507</subfield>
  </datafield>
  <datafield tag="100" ind1=" " ind2=" ">
    <subfield code="a">20011012d1994    |||y0rusy50      ca</subfield>
  </datafield>
  <datafield tag="101" ind1="0" ind2=" ">
    <subfield code="a">rus</subfield>
  </datafield>
  <datafield tag="102" ind1=" " ind2=" ">
    <subfield code="a">RU</subfield>
  </datafield>
  <datafield tag="105" ind1=" " ind2=" ">
    <subfield code="a">a   |||||||||</subfield>
  </datafield>
  <datafield tag="200" ind1="1" ind2=" ">
    <subfield code="a">&#x41D;&#x430;&#x440;&#x43E;&#x434;&#x43D;&#x430;&#x44F; &#x442;&#x440;&#x430;&#x433;&#x435;&#x434;&#x438;&#x44F;</subfield>
    <subfield code="e">(&#x41F;&#x43E; &#x43C;&#x430;&#x442;&#x435;&#x438;&#x430;&#x43B;&#x430;&#x43C; &#x44D;&#x43A;&#x441;&#x43F;&#x43E;&#x437;&#x438;&#x446;&#x438;&#x438; &#x43C;&#x443;&#x437;&#x435;&#x44F; &#x438;&#x441;&#x442;&#x43E;&#x440;&#x438;&#x438; &#x417;&#x430;&#x431;&#x430;&#x439;&#x43A;&#x430;&#x43B;. &#x43C;&#x438;&#x43B;&#x438;&#x446;&#x438;&#x438;)</subfield>
    <subfield code="f">&#x423;&#x43F;&#x440;. &#x432;&#x43D;&#x443;&#x442;&#x440;. &#x434;&#x435;&#x43B; &#x427;&#x438;&#x442;. &#x43E;&#x431;&#x43B;., &#x421;&#x43E;&#x432;&#x435;&#x442; &#x432;&#x435;&#x442;&#x435;&#x440;&#x430;&#x43D;&#x43E;&#x432; &#x438; &#x421;&#x43E;&#x432;&#x435;&#x442; &#x43C;&#x443;&#x437;&#x435;&#x44F; &#x423;&#x412;&#x414;</subfield>
  </datafield>
  <datafield tag="210" ind1=" " ind2=" ">
    <subfield code="a">&#x427;&#x438;&#x442;&#x430;</subfield>
    <subfield code="c">&#x411;.&#x438;.</subfield>
    <subfield code="d">1994</subfield>
  </datafield>
  <datafield tag="215" ind1=" " ind2=" ">
    <subfield code="a">30 &#x441;.</subfield>
    <subfield code="c">&#x438;&#x43B;.</subfield>
    <subfield code="d">19</subfield>
  </datafield>
  <datafield tag="320" ind1=" " ind2=" ">
    <subfield code="a">&#x411;&#x438;&#x431;&#x43B;&#x438;&#x43E;&#x433;&#x440;.: &#x441;. 27-30 (52 &#x43D;&#x430;&#x437;&#x432;.)</subfield>
  </datafield>
  <datafield tag="606" ind1="0" ind2=" ">
    <subfield code="a">&#x41C;&#x438;&#x43B;&#x438;&#x446;&#x438;&#x44F;</subfield>
    <subfield code="x">&#x418;&#x441;&#x442;&#x43E;&#x440;&#x438;&#x44F;</subfield>
    <subfield code="y">&#x417;&#x430;&#x431;&#x430;&#x439;&#x43A;&#x430;&#x43B;&#x44C;&#x435;</subfield>
    <subfield code="9">2232713</subfield>
    <subfield code="3">RU\NLR\auth\661340045</subfield>
  </datafield>
  <datafield tag="686" ind1=" " ind2=" ">
    <subfield code="a">&#x425;621.163.1-1</subfield>
  </datafield>
  <datafield tag="711" ind1="0" ind2="2">
    <subfield code="a">&#x41C;&#x443;&#x437;&#x435;&#x439; &#x438;&#x441;&#x442;&#x43E;&#x440;&#x438;&#x438; &#x417;&#x430;&#x431;&#x430;&#x439;&#x43A;&#x430;&#x43B;&#x44C;&#x441;&#x43A;&#x43E;&#x439; &#x43C;&#x438;&#x43B;&#x438;&#x446;&#x438;&#x438;</subfield>
    <subfield code="c">&#x427;&#x438;&#x442;&#x430;</subfield>
    <subfield code="3">RU\NLR\AUTH\8810011272</subfield>
    <subfield code="9">520251</subfield>
  </datafield>
  <datafield tag="801" ind1=" " ind2="0">
    <subfield code="a">RU</subfield>
    <subfield code="b">NLR</subfield>
    <subfield code="c">20011012</subfield>
    <subfield code="g">PSBO</subfield>
  </datafield>
  <datafield tag="801" ind1=" " ind2="1">
    <subfield code="a">RU</subfield>
    <subfield code="b">NLR</subfield>
    <subfield code="c">20011012</subfield>
  </datafield>
  <datafield tag="942" ind1=" " ind2=" ">
    <subfield code="c">BOOK</subfield>
  </datafield>
  <datafield tag="980" ind1=" " ind2=" ">
    <subfield code="a">NB</subfield>
  </datafield>
  <datafield tag="995" ind1=" " ind2=" ">
    <subfield code="5">2001-10-12</subfield>
    <subfield code="a">ae</subfield>
    <subfield code="b">NLR01</subfield>
    <subfield code="c">NLR01</subfield>
    <subfield code="e">RF8</subfield>
    <subfield code="f">169383</subfield>
    <subfield code="k">2001-4/9623</subfield>
    <subfield code="o">0</subfield>
    <subfield code="r">BOOK</subfield>
    <subfield code="s">200149623_</subfield>
  </datafield>
</record>
